| 000 | 00686nam a2200229 a 4500 | ||
|---|---|---|---|
| 001 | 1040 | ||
| 003 | BR-CuiBMT | ||
| 005 | 20231127202315.0 | ||
| 008 | 231127s2005 mtba 000 0 por d | ||
| 020 | _a8588696274 | ||
| 040 |
_aBR-CuiBMT _cBR-CuiBMT |
||
| 080 |
_22007 _a336.27 _x(817.2) |
||
| 090 |
_a336.27(817.2) _bT314e |
||
| 100 | 1 | _aTeodoro, Rodinei Alves | |
| 245 | 1 | 0 |
_aEndividamento público do Estado de Mato Grosso - 1991/2003 / _cRodinei Alves Teodoro. |
| 260 |
_aCuiabá : _bCentral de Texto, _c2005. |
||
| 300 |
_a127 p. ; _c23 cm |
||
| 504 | _aInclui bibliografia. | ||
| 650 | _aContabilidade pública | ||
| 650 |
_aDívida Pública _zMato Grosso |
||
| 942 |
_2udc _cLV |
||
| 999 |
_c1040 _d1040 |
||